000 00644nam a2200241Ia 4500
003 OSt
005 20220924114151.0
006 a|||||r|||| 00| 0
007 ta
008 220923b |||||||| |||| 00| 0 urd d
020 _c02.00
024 _a312983
037 _cTextual
040 _aARTS
_cARTS
_burd
041 _2urd
_aurd
082 _aO168,1M75:g, K0
100 _aJagan Nath Aazad
_9172190
245 0 _aIqbal aur uska ahad
260 _aAllahabad
_bIdara-e-Anees Urdu India
_c1960
650 _aURDU POETRY
942 _hO168,1M75:g, K0
_cTEXL
_2CC
999 _c392245
_d392245